[Event "Pune"]
[Site "Pune"]
[Date "2004.09.05"]
[Round "3"]
[White "Ganguly, Surya Shekhar"]
[Black "Nisipeanu, Liviu Dieter"]
[Result "0-1"]
[WhiteElo "2574"]
[BlackElo "2686"]
[Annotator "Ribli,Z"]
[PlyCount "160"]
[EventDate "2004.09.03"]
[EventType "tourn"]
[EventRounds "9"]
[EventCountry "IND"]
[EventCategory "16"]
[SourceTitle "CBM 104"]
[Source "ChessBase"]
[SourceDate "2005.01.27"]
[SourceVersion "1"]
[SourceVersionDate "2005.01.27"]
[SourceQuality "1"]

1. e4 c5 2. Nf3 Nc6 3. d4 cxd4 4. Nxd4 e6 5. Nc3 Qc7 6. Be3 a6 7. Be2 {Eine
ungewöhnliche Zugfolge. In vielen Partien spielt Weiß zuerst 6.Be2, 7.0-0 und
8.Be3.} Nf6 8. O-O Bb4 {Dieser Zug ist heutzutage wieder populär, Schwarz kann
aber auch 8...Be7 oder 8...d6 spielen.} 9. Na4 Be7 10. Nxc6 bxc6 11. Nb6 Rb8
12. Nxc8 Qxc8 13. e5 Nd5 14. Bc1 (14. Bd4 c5 15. c4 cxd4 16. cxd5 Qc5 $5 17.
Bf3 Bg5 18. Rb1 exd5 19. Be2 Qb6 20. Bd3 O-O 21. f4 Bh6 22. Qh5 d6 {1/2-1/2
Hracek,Z-Nisipeanu,L/Bled ol/ 2002/(27)}) 14... Bc5 {Da der weiße Läufer schon
weg ist von der g1-a7 Diagonale, kann Schwarz seinen Läufer dort platzieren.
Die andere Idee des Zuges ist, dass Schwarz Platz für seinen Springer auf e7
macht.} 15. c4 Ne7 16. b3 Qc7 17. Bb2 Ng6 18. Kh1 O-O (18... Rd8 19. Qd3 O-O
20. Qe4 d6 21. exd6 Rxd6 22. f4 f5 23. Qf3 Bd4 24. c5 Rdd8 25. Bxd4 Rxd4 26. g3
e5 {1/2-1/2 Hossain,E-Nisipeanu,L/Paris FRA 2002/(48)}) (18... d6 $2 19. exd6
Bxd6 20. Bxg7 Rg8 21. Bf6 Bxh2 22. g3 Bxg3 23. fxg3 Qxg3 24. Qd3 $18) (18...
Nxe5 $6 19. f4 Ng6 20. Bxg7 Rg8 21. Bd4 $16) 19. Bd3 (19. f4 d6 $11 {Schwarz
kontrolliert stark die Zentrumstellung, er steht nicht schlechter.}) 19... d6 (
19... Nxe5 $6 20. Bxh7+ Kxh7 21. Qh5+ Kg8 22. Bxe5 d6 $4 23. Bf6 $3 gxf6 24. f4
{1-0 Barua,D-Ganguly,S/India (ch) 2000/ (24)}) (19... Rbd8 20. Qh5 d6 21. exd6
Bxd6 22. Rad1 c5 23. g3 Rfe8 24. f4 Qc6+ 25. Kg1 f5 26. Be2 Be7 $11) 20. exd6
Qxd6 $5 $146 {Eine - wahrscheinlich zu Hause vorbereitete - Neuerung des
rumänischen Großmeisters. Im Falle von 20...Bxd6 bekommt Weiß Aktivität mit 21.
Qh5, was hier nicht geht, denn es hängt der d3B.} (20... Bxd6 21. Qh5 c5 22.
Rad1 f5 23. Bb1 Rbd8 24. Rfe1 Be5 25. Rxd8 Rxd8 26. Bxe5 Nxe5 27. f4 Ng4 28.
Bxf5 $1 {1-0 Zatonskih,A-Rychagov,A/St Petersburg 2002/CBM 86 ext (40)}) 21.
Qf3 {[%csl Gb2,Gd3] Weiß hat das Läuferpaar und die bessere Bauernstruktur,
aber die schwarze Stellung ist fest und er kontrolliert stark die
dunkelfarbigen Punkte.} (21. Bxg6 hxg6 (21... Qxd1 $2 22. Bxh7+ Kxh7 23. Raxd1
$16) 22. Qxd6 Bxd6 $11) 21... e5 {[%csl Yd4][%cal Gc5d4][%mdl 32] Das d4-Feld
ist ein positionelles Loch in der weißen Stellung, so bereitet Schwarz Bd4 vor.
} 22. Be4 (22. Rad1 Bd4 23. Be4 c5 $11) 22... Rbc8 23. Rad1 Bd4 24. Qf5 c5 25.
f4 {Weiß kämpft gegen die d4-Läuferstellung, er tauscht den e5-Bauern, der den
d4-Läufer verteidigt.} exf4 26. Bxd4 cxd4 27. Qd5 {[%csl Rd4,Rf4] Weiß hat
einen Bauern weniger, aber die und Bauern d4 und f4 sind schwach.} Qa3 $1 {
[%csl Ga3] Schwarz tauscht nicht die Damen.} (27... Qxd5 28. Bxd5 Rce8 29. Rxd4
Re2 30. a4 $14) 28. Rxd4 Qxa2 29. c5 (29. Bxg6 hxg6 30. Rdxf4 Qxb3 31. Rxf7
Rxf7 32. Qxf7+ Kh7 $11) 29... Qe2 30. Bd3 (30. Qc4 Qxc4 31. Rxc4 Ne5 32. Rc3
Rc7 33. Rxf4 Rd8 $11) 30... Qe7 31. Bxg6 hxg6 32. Qd6 Rfe8 (32... Qxd6 33. cxd6
Rfd8 $15) 33. b4 $6 (33. Rdxf4 Rxc5 34. Qxa6 $11) 33... a5 $1 {Schwarz sprengt
die weiße Bauernkette.} 34. bxa5 Rxc5 35. Qxe7 Rxe7 36. Rdxf4 (36. Rd8+ Kh7 37.
Ra8 g5 $15) (36. Ra4 g5 37. a6 Ra7 $15) 36... Rxa5 $15 {[%mdl 4096] In
Turmendspielen mit drei Bauern gegen zwei auf einem Flügel ist es immer schwer
zu gewinnen, meistens ist es ganz unmöglich. Hier hat Schwarz einen
Doppelbauern auf er g-Linie, was seine Gewinnchancen weiter reduziert. Aber
Schwarz riskiert nichts, er kann das Endspiel bis zum Ende spielen.} 37. h3 f6
38. Kh2 g5 39. Rf5 (39. Rb4 Ra2 40. Rf3 Ree2 41. Rg3 $15) 39... Ra4 $1 {
Schwarz tauscht nicht die Türme, er wartet auf einen besseren Moment.
Gewöhnlich erhöht in Turmendspielen die Anwesenheit von zwei Turmpaaren die
Chancen des Verteidigers, aber in unserem Endspiel muss Schwarz die Türme,
wenn möglich, auf dem Brett halten.} (39... Rxf5 40. Rxf5 $15) 40. R1f2 Kh7 41.
Rc5 Rh4 42. Rfc2 Ree4 {[%cal Gg5g4,Gg4h3] Schwarz bereitet 43...g4 vor, wonach
er sich von seinem Doppelbauern befreien könnte.} (42... g4 $2 43. Kg3 g5 44.
Rc7 $11) 43. g3 (43. Kg3 $15) 43... Rh6 44. Kg2 Kg6 {[%cal Gh6h8] Stufenweise
hat Schwarz seine Stellung verbessert und möglicherweise kann er mit 45...Rh8
seinen Turm aktivieren.} 45. Rc8 Rh5 46. Kf3 (46. g4 $1 Rh4 47. R2c3 $15) 46...
Rd4 47. Kg2 g4 48. hxg4 {Natürlich muss Weiß das Material reduzieren.} (48. h4
$6 Rhd5 $17) 48... Rxg4 49. R2c5 Re5 50. Rc4 (50. Rxe5 fxe5 51. Kf3 $15) 50...
Rgg5 51. Rf4 Re3 52. Rf3 Re2+ 53. Rf2 Re1 54. Rcc2 Rge5 55. Rf1 R1e4 56. Rcf2
Kg5 57. Rf4 f5 58. R1f2 (58. Rxe4 fxe4 $17) 58... g6 59. Rf1 Re2+ 60. R1f2 Re1
61. Rf1 R1e4 62. R1f2 Rd5 63. R4f3 Rdd4 64. Rc2 Kg4 65. Rcf2 {Alle schwarzen
Figuren haben die Maximum-Aktivität erreicht, aber es ist nicht leicht
weiterzukommen.} Rc4 66. Kh2 Rc1 67. Rf4+ Kg5 68. Rf1 (68. Rxe4 fxe4 69. Rf4
$15) 68... Rxf1 {Endlich tauscht Schwarz ein Paar Türme.} 69. Rxf1 Kg4 70. Rf2
g5 71. Rb2 Kf3 72. Kh3 f4 (72... Re3 73. Rb5 {Dieselbe Endspielstellung wurde
schon gespielt, ich habe eine Partie in der Mega Database gefunden!} f4 (73...
g4+ 74. Kh4 f4 75. gxf4 g3 76. f5 g2 77. Rb1 Re8 78. f6 Rh8+ 79. Kg5 Rh1 80. f7
g1=Q+ 81. Rxg1 Rxg1+ 82. Kf6 {Pokorna,R - Van Delft, M DEN-ch int u 18.}) 74.
gxf4 $5 (74. Rxg5 Kf2 75. Ra5 Rxg3+ (75... fxg3 76. Ra2+ $11) 76. Kh2 Re3 77.
Ra4 f3 (77... Kf3 78. Kh3 $11) 78. Ra1 $11) 74... gxf4 75. Rb2 $11) 73. gxf4
gxf4 74. Rb3+ Kf2 75. Kh2 f3 76. Rb2+ Re2 77. Rb3 $4 {[%csl Rb3] Ein
unglaublicher Fehler in einer theoretischen Remisstellung! Es ist gut bekannt,
dass Weiß die Eindringung des gegnerischen Königs auf der Grundlinie
verhindern muss.} (77. Rb1 $1 Re1 78. Rb2+ Ke3 79. Rb3+ Kf4 80. Rb4+ Re4 81.
Rb1 Re2+ 82. Kh3 $1 (82. Kg1 $2 Kg3 $19) 82... Re8 83. Rb4+ Ke3 84. Rb3+ Kf2
85. Rb2+ Re2 86. Rb1 $11) 77... Kf1+ $19 78. Kg3 f2 79. Kh2 Re8 80. Rb1+ Ke2
0-1

[Event "Elbow Beach Club GM-A"]
[Site "Paget Parish"]
[Date "2001.01.28"]
[Round "8"]
[White "Shabalov, Alexander"]
[Black "Macieja, Bartlomiej"]
[Result "1-0"]
[WhiteElo "2570"]
[BlackElo "2578"]
[Annotator "Ribli,Z"]
[PlyCount "121"]
[EventDate "2001.01.20"]
[EventType "tourn"]
[EventRounds "10"]
[EventCountry "BER"]
[EventCategory "13"]
[SourceTitle "CBM 081"]
[Source "ChessBase"]
[SourceDate "2001.03.20"]
[SourceVersion "1"]
[SourceVersionDate "2001.03.20"]
[SourceQuality "1"]

1. e4 c5 2. Nf3 e6 3. d4 cxd4 4. Nxd4 Nc6 5. Nc3 Qc7 6. Be2 {In jüngster Zeit
genießt der klassische Aufbau große Popularität.} a6 7. O-O Nf6 8. Be3 Bb4 {
Der polnische GM spielt gerne diese Variante. Anstelle des Textzuges kann
Schwarz mit 8...d6 die Scheweninger Variante wählen, doch der Läuferzug ist
die prinzipielle Antwort.} 9. Na4 Be7 {Früher gab man 9...0-0 den Vorzug,
heutzutage aber gilt dieser Läuferzug als die beste Fortsetzung. Grundsätzlich
kann man sagen, dass schwarze Läufer auf b4 überfluessig ist, da der Nc3 schon
nach a4 gezogen wurde.} 10. Nxc6 (10. c4 Nxe4) 10... bxc6 11. Nb6 Rb8 12. Nxc8
Qxc8 13. Bd4 {Das ist die letzte Mode - die alte Variante war 13.e5 Nd5 14.Bc1
Bc5 mit ungefähr ausgeglichenem Spiel.} c5 14. Be5 Rb6 15. b3 (15. Qd3) 15...
Nxe4 {Dieser Zug ist aus strategischer Sicht riskant, denn Schwarz gibt seinen
Pg7 und damit die kurze Rochade auf. Das natürlich wirkende 15...d6 überließe
Weiß jedoch einen kleinen, aber dauerhaften Vorteil.} (15... O-O 16. Bd3 d6 17.
Bb2) 16. Bxg7 Rg8 17. Be5 Bd6 {Vor zwei Jahren ging dieser Zug als Neuerung in
die moderne Eröffnungstheorie ein (Marjanovic,S - Lutz,C Chania 1999). Schwarz
beabsichtigt den Abtausch des gegnerischen Läufers.} (17... Bf6) 18. Bg3 (18.
Bxd6 Rxd6 19. Bd3 Qc6 20. f3 (20. Qf3 Nf6 21. Qxc6 Rxc6 22. Rae1 Ke7 23. f4 d6
24. Rf3 Rb6 25. h3 h5 26. g3 a5 27. Kg2 Rb4 {0-1 Hernandez,Y-Sziva,E/Istanbul
2000/EXT 2001 (68)}) 20... Nf6 21. Qe2 Qd5 22. Kh1 Qh5 23. Rae1 Qh6 24. f4 Nh5
25. Qf3 Ng3+ 26. Kg1 Nxf1 27. Qa8+ Ke7 28. Qxg8 Qxh2+ 29. Kxf1 Qxf4+ 30. Ke2
Qe5+ 31. Kd2 Rxd3+ 32. cxd3 Qb2+ {1/2-1/2 Korneev,O-Fluvia Poyatos,J/Mondariz
2000/EXT 2001 (43)}) (18. f4 c4 $1 19. Kh1 Bxe5 20. fxe5 Qc5 21. Qe1 Qxe5 (
21... Rg5) 22. Bxc4 Rd6 23. Bd3 f5 24. Qh4 Rg4 25. Qh5+ Kd8 {1/2-1/2
Marjanovic,S-Miladinovic,I/Chania 1999/EXT 2000 (34)}) 18... Nxg3 {Der
amerikanische GM spielte diese Variante bereits mit Weiß. Möglicherweise aus
Furcht vor einer theoretischen Verbesserung wählt Weiß eine andere Fortsetzung.
In der Partie Shabalov,A - Lutz,C Istanbul -ol- 2000 zog Schwarz 18...c4.} (
18... c4 $13 19. Bxc4 Bxg3 20. hxg3 Qc5 21. Bd3 Nxg3 22. Qf3 $1 Ke7 23. Rfe1
Rg5 24. Rad1 a5 25. Bxh7 Rb8 26. Qd3 d6 27. Re3 Nh5 28. Be4 Nf6 29. Bf3 {
1/2-1/2 Shabalov,A-Lutz,C/Istanbul 2000/EXT 2001 (61)}) 19. fxg3 $5 {[%cal
Gf1f7][%mdl 4] Dieser Zug ist eine positionelle Überraschung. Üblicherweise
spielt man in solchen Stellungen automatisch hxg3. Die Idee des Textzuges ist
die Öffnung der f-Linie.} (19. hxg3 Be5 $13) 19... Ke7 {Schwarz verbessert
seine Königsstellung und kann anschließend f7-f5 ziehen.} (19... Be5 20. Bd3 f5
21. Qh5+ $36) (19... f5 20. Bd3 Be5 21. Qh5+ $36) 20. Qd3 $14 {Die weiße
Bauernstruktur ist schlecht, dafür hat er aktives Figurenspiel und der
gegnerische König befindet sich ein wenig unsicher im Zentrum.} Qf8 {Schwarz
opfert einen Bauern, um seine Dame zu aktivieren.} (20... f5 21. g4 Be5 22.
Rae1 $14) (20... Be5 21. Rae1 (21. Qxh7 Bd4+ 22. Kh1 Bxa1 23. Qxf7+ Kd6 24.
Rxa1 Rf8 25. Rd1+ $13) 21... Rg7 $13) 21. Qxh7 Qg7 (21... Be5 22. Rad1 $13) 22.
Qh5 (22. Qxg7 Rxg7 $14 {Weiß hat einen Mehrbauern, aber die Realisierung des
Materialvorteils ist sehr schwer.}) 22... f5 23. Qh4+ Qg5 24. Rad1 a5 {Das ist
ein nützlicher positioneller Zug - Schwarz entbindet seinen Turm von der
Verteidigung des Pa6.} (24... Qxh4 25. gxh4 $14) 25. Rf3 {Das ist ein
prophylaktischer Zug. Weiß verteidigt sich gegen das Eindringen der
gegnerischen Dame nach e3, er möchte anschließend 26.Qa4 spielen.} Qxh4 26.
gxh4 {[%csl Gh4] Weiß hat jetzt einen Doppelbauern auf der h-Linie, aber der
Ph4 ist viel gefährlicher als es der Pg3 zuvor war.} Be5 {[%csl Gc5,Gd7,Ge6,
Gf5][%mdl 4096] Schwarz möchte in der Folge seine Bauernmasse aktiviren.} 27.
h5 d5 28. Rh3 {Der Turm verteidigt den Ph2, dadurch bekommt der König mehr
Raum und nicht zuletzt unterstützt der Rh3 den Ph5.} Kd6 (28... Kf6 $14) 29.
Kf1 Rb7 {[%cal Gb7h7]} 30. Bf3 Ra7 (30... a4 31. Ke2 axb3 32. axb3 $14) (30...
Bf6 31. c4 Bd4 $14) 31. Rh4 {[%cal Gh4a4]} Bf6 (31... d4 $14) 32. Ra4 d4 33. a3
Rgg7 (33... e5 $5 34. b4 cxb4 35. axb4 e4 $44) 34. Rc4 Rac7 35. Be2 e5 {
Endlich mobilisiert Schwarz seine Reserven.} 36. Ra4 Ra7 37. Rd3 $5 {Das ist
eine gute Idee - Weiß verbessert die Stellung seiner Türme.} e4 38. Rh3 {
[%csl Gh3]} Ke5 (38... Bg5 $44) 39. h6 Rg8 (39... Rh7 40. Rh5 Kf4 (40... Bd8
41. g4 $18) 41. Kf2 $16) 40. Bc4 {[%csl Gc4]} Rf8 41. Rh5 {[%csl Re5][%cal
Gg2g4]} Be7 42. g4 $16 {Der schwarze König steht unglücklich auf e5, Weiß
droht entweder g4-g5 oder auf f5 zu nehmen.} Kf4 43. h7 {[#]} Raa8 44. Rxa5 $1
{Dieser schöne Zug lenkt den Turm von der Grundlinie ab.} Rxa5 45. Rxf5+ Rxf5
46. h8=Q Rf6 (46... Kxg4+ 47. Ke2 {[%csl Rg4][%cal Rc4e6,Re6g4]} Kf4 48. Qg7 {
[%csl Rf4][%cal Rg7e7,Rg7g3,Rg3f4]} d3+ 49. cxd3 exd3+ 50. Kxd3 $18) 47. g5 {
Weiß hat Q+P+P für R+R. Das größter Problem von Schwarz ist die schlechte
Stellung seines Königs.} Rf8 48. Qh4+ Ke3+ (48... Ke5+ 49. Kg2 Rxa3 50. Qh6 $16
) 49. Kg2 {Es droht 50.Qe1+ mit Turmgewinn.} Kd2 50. Qxe4 Ra7 $6 {Mag es nun
gut oder schlecht sein - Schwarz musste in jedem Fall auf g5 nehmen.} (50...
Bxg5 $5) 51. h4 $18 {Weiß hat nun schon Q+P+P+P für die R+R. Die weißen Bauern
am Königsflügel sind nicht mehr aufzuhalten.} Bd6 52. Qe6 Rd8 53. g6 {Der
Bauer rückt einfach voran- es droht 54.h6 usw.} Kxc2 54. Qe2+ Kc3 (54... Kb1
55. Bd3+ Ka1 56. Qc2 $18 {[%cal Rc2b1,Rb1a1]}) 55. Bd3 Kxb3 (55... Rxa3 56.
Qc2+ Kb4 57. Qc4+ $18) 56. Qc2+ Kxa3 57. Bc4 Rb8 (57... Rb7 58. Qa2+ Kb4 59.
Qb3+ $18) 58. Qa2+ Kb4 59. Qxa7 Kxc4 60. Qxb8 $1 {Mit dieser schönen kleinen
Kombination forciert Weiß den Gewinn.} Bxb8 61. g7 1-0

[Event "Pamplona 0102"]
[Site "Pamplona"]
[Date "2002.01.05"]
[Round "9"]
[White "Narciso Dublan, Marc"]
[Black "De la Riva Aguado, Oscar"]
[Result "1/2-1/2"]
[WhiteElo "2517"]
[BlackElo "2495"]
[Annotator "Ribli,Z"]
[PlyCount "74"]
[EventDate "2001.12.27"]
[EventType "tourn"]
[EventRounds "9"]
[EventCountry "ESP"]
[EventCategory "14"]
[SourceTitle "CBM 087"]
[Source "ChessBase"]
[SourceDate "2002.03.21"]
[SourceVersion "1"]
[SourceVersionDate "2002.03.21"]
[SourceQuality "1"]

1. e4 c5 2. Nc3 e6 3. Nf3 a6 4. d4 cxd4 5. Nxd4 Qc7 6. Be2 Nc6 (6... Bb4) 7.
O-O Nf6 8. Be3 Bb4 9. Na4 O-O {Diese Variante wird heute seltener gespielt als
9...Be7.} 10. Nxc6 bxc6 11. Nb6 Rb8 12. Nxc8 Rfxc8 13. Bxa6 Rf8 {Dieser
Turmzug ist derzeit populär, aber die anderen Turmzüge - 13...Re8 und 13...Rd8
- sind auch zu beachten.} 14. Bd3 Bd6 15. f4 e5 16. b3 {Weiß verteidigt seinen
b-Bauern und opfert vorübergehend den Pf4.} (16. f5 Rxb2 17. g4 Qa5 (17... h6
18. h4 Nd5 19. exd5 e4 20. Be2 Bc5 21. Bxc5 Qg3+ {1/2-1/2 Khamrakulov,
I-Pogorelov,R/Lorca ESP 2001/(21)}) 18. g5 Bc5 19. Bxc5 Qxc5+ 20. Kh1 Ne8 21.
f6 g6 22. Qe1 d5 23. exd5 Qxd5+ 24. Be4 Qc4 25. Bd3 Qd5+ 26. Be4 Qc4 {1/2-1/2
Namyslo,H-Kruck,D/GER 2001/EXT 2002 (26)}) 16... exf4 17. Bd4 f3 18. e5 (18. g3
Bxg3 19. Bxf6 gxf6 20. e5 (20. Rxf3 Bxh2+ 21. Kh1 Be5 22. Rh3 Rfe8 23. Qg4+ Kf8
24. Rg1 Ke7 25. Rxh7 Rh8 {0-1 Rowson,J-Tregubov,P/NED 2001/(50)}) 20... Bxe5
21. Qxf3 Rfe8 22. Rad1 Kf8 23. Kh1 Ke7 {0-1 Handke,F-Macieja,B/Bermuda BER
2002/(43)}) (18. Qxf3 Bxh2+ 19. Kh1 Be5 (19... Be5 20. Bxe5 Qxe5 21. Rae1 Nh5
22. Re3 g6 23. Bc4 Rbe8 {0-1 Furlan,M-Marciano,D/Paranana 1993/EXT 97 (41)}))
18... Bxe5 19. Bxe5 f2+ {Das ist ein wichtiges Zwischenschach - denn der Turm
steht auf f2 nicht so gut wie auf f1.} (19... Qxe5 20. Qxf3 d5 21. Rae1 Qd6 22.
a4 c5 23. Kh1 Rb4 24. Bb5 Rh4 25. g3 Rh6 26. Qf4 Qd8 27. Kg2 d4 28. Bc4 {
[%csl Gc4] 1-0 Zigangirova,S-Urosevic,M/Oropesa del Mar ESP 2001/(49)}) 20.
Rxf2 Qxe5 21. Re2 (21. Kh1 Rbe8 22. Rf5 Qc3 23. Rf3 Qe5 24. Rf5 Qc3 25. Rf3 Qe5
{1/2-1/2 Illescas Cordoba,M-Cramling,P/Tarrassa 1990/CBM 19/[Boensch,U] (25)})
21... Qc5+ 22. Kh1 Rfe8 $11 {[%mdl 4] Wir haben eine dynamische, ausgeglichene
Stellung erreicht - Weiß hat einen potentiell gefährlichen Freibauern auf der
a-Linie. Schwarz kann d7-d5 ziehen, und die weiße Königsstellung ist ein wenig
schwach.} 23. a4 Rxe2 (23... d5) 24. Qxe2 Re8 25. Qf3 d5 (25... h5 $5 {[%cal
Gf6g4,Gg4f2]}) 26. a5 Ne4 27. g3 (27. Bxe4 dxe4 $15 {[%csl Ge4]}) 27... Nf2+ (
27... Re6 $2 28. a6 Rf6 29. Qxf6 $18) 28. Kg2 Nxd3 29. Qxd3 (29. cxd3 $2 Qc2+
$17) 29... Re3 {[%csl Gc5,Ge3,Rg2]} 30. Qd1 (30. Qd2 $142 $5 {Das wäre m.E.
die stärkere Fortsetzung} Qe7 (30... d4 31. a6 d3 (31... Qd5+) 32. a7 $18) (
30... Rc3 31. Ra2 $14) 31. Kf2 Qf6+ 32. Kxe3 Qxa1 33. b4 $14 {[%csl Ga5]})
30... Rc3 31. Ra2 Qe3 {[%csl Ge3][%mdl 2048]} 32. Ra4 (32. a6 Qe4+ 33. Kh3 Qf5+
(33... Qe6+ $11) 34. Qg4 Qf1+ 35. Kh4 h6 36. a7 Qf6+ 37. Kh3 (37. Kh5 $2 g6+
38. Kxh6 g5+ 39. Kh5 Qg6#) 37... Qf1+) 32... Qc5 33. Ra2 Qe3 34. a6 Qe4+ 35.
Kh3 Qe6+ (35... Qf5+ $11) 36. Qg4 Qh6+ 37. Qh4 Qe6+ 1/2-1/2

[Event "Lee Cup 4th"]
[Site "Beijing"]
[Date "1997.09.01"]
[Round "8"]
[White "Landa, Konstantin"]
[Black "Liang, Jinrong"]
[Result "0-1"]
[WhiteElo "2560"]
[BlackElo "2425"]
[Annotator "Ribli,Z"]
[PlyCount "58"]
[EventDate "1997.08.23"]
[EventType "swiss"]
[EventRounds "11"]
[EventCountry "CHN"]
[SourceTitle "CBM 061"]
[Source "ChessBase"]
[SourceDate "1997.11.23"]
[SourceVersion "1"]
[SourceVersionDate "1997.11.23"]
[SourceQuality "1"]

1. e4 c5 2. Nc3 Nc6 3. Nf3 {Mit dieser Zugfolge kann Weiss z.B. die
Sweschnikov-Variante vermeiden, denn 3...Nf6 4.Bb5 Nd4 5.e5 ist vorteilhaft
für Weiss. Aber jede Zugfolge hat auch ihre Schattenseite - z.B. kann Weiß
nach 3...g6 4.d4 cxd4 5.Nxd4 Bg7 nicht mehr die Maroczy-Variante spielen.Ribli.
} e6 4. d4 (4. Bb5) 4... cxd4 5. Nxd4 Qc7 6. Be2 a6 7. O-O Nf6 8. Be3 Bb4 {
Das ist die prinzipielle Antwort. Schwarz kann aber auch mit 8...Be7 oder 8...
d6 fortsetzen, mit Übergang in die Scheweninger Variante.Ribli.} 9. Na4 Be7 {
Das ist eine ruhige und vielleicht die beste Fortsetzung. Der schwarze Läufer
hat seine Aufgabe erfüllt, da der weiße Springer auf a4 steht. Andererseits
kann Weiß versuchen, die Schwäche des Punktes b6 auszunutzen.} (9... O-O) (9...
b5) 10. Nxc6 (10. c4 $5 {Meines Erachtens stellt dieser Zug eine Gefahr für
Schwarz dar und führt zu beiderseitigen Chancen.}) 10... bxc6 11. Nb6 Rb8 12.
Nxc8 Qxc8 13. e5 {Weiß hat das Läuferpaar und Raumvorteil, aber der Pe5 ist in
einigen Varianten schwach. Der schwarze Rb8 steht gut auf der halboffenen
Linie.} Nd5 14. Bc1 Bc5 {[%csl Gc5] Schwarz hat starke Kontrolle auf der
Diagonalen a7-g1 und auf den schwarzen Feldern.} 15. Qd3 (15. c4 Ne7 16. b3 Qc7
17. Bb2 d6 18. exd6 Bxd6 19. g3 Be5 20. Bxe5 Qxe5 21. Bf3 c5 {1/2-1/2 Barua,
D-Dunnington,A/Andorra op 1997 (38)}) 15... O-O (15... Qc7 16. Qe4 a5 17. c4
Ne7 18. Kh1 O-O 19. Bd3 Ng6 20. f4 d6 $10 {Beliavsky,A-Andersson,U/Wijk/1984/
INF37,201/}) 16. Qc4 (16. Qg3 Ne7 (16... Re8 $5 {N} 17. Rd1 a5 18. b3 a4 {
1-0 Salov,V-Karpov,A/Buenos Aires 1994 (61)}) 17. Bd3 Qc7 18. b3 a5 19. Qh3 {
+/= Bologan,V-Ye,J/Moscow (ol) 1994 (33)}) (16. Qe4 a5 17. Bd3 f5 18. exf6 Nxf6
19. Qh4 Qc7 20. b3 d5 21. Bg5 h6 22. Bf4 e5 23. Bg3 Bd6 {0-1 Jonczyk,W-Bashkov,
V/Polanica Zdroj op 1995 (38)}) (16. Qxa6 Qxa6 17. Bxa6 Nb4 (17... Bd4 18. c3 (
18. c4 $2 Nb4 {[%csl Ra6]}) 18... Bxe5) 18. Bd3 Nxd3 19. cxd3 Bd4 {[%csl Rb2,
Gd4,Re5]}) 16... Ba7 17. Qe4 (17. Qxa6 Qxa6 18. Bxa6 Nb4 (18... Bd4) 19. Bd3
Nxd3 20. cxd3 Bd4) 17... Qc7 18. Bxa6 (18. c4 $5 f5 19. exf6 (19. Qd3 Ne7 $13 {
[%csl Ga7,Re5][%cal Ga7g1]}) 19... Nxf6 20. Qd3 $13) 18... f5 19. exf6 (19. Qe2
Bd4 $17 {[%csl Rb2,Gd4,Re5]}) 19... Rb4 $1 (19... Nxf6 20. Qh4 e5 21. Be2 d5
$44 {Schwarz bekommt aktives Gegenspiel für das geopferte Material. Sein Ba7
ist besonders stark, er hat ein machtvolles Zentrum, und die Türme stehen auf
den richtigen Linien.}) 20. Qe2 (20. Bc4 $5 Rxf6 21. c3 Qb6 $5 {[%csl Rf2]
[%cal Rf6f2,Ra7f2] Meiner Meinung nach bietet dieser Zug Schwarz sehr gute
Angriffschancen.} (21... Rb8 22. Bxd5 cxd5 23. Qe2 $14) (21... Ra4 22. b3 Ra5
23. Bxd5 Rxd5 24. Be3 Re5 25. Qd3 $14) 22. cxb4 Rxf2 23. Rxf2 (23. Be3 Rxf1+
24. Kxf1 (24. Rxf1 Qxe3+ (24... Nxe3 25. Bxe6+ (25. Qxe6+ $18) 25... dxe6 26.
Qxe6+ Kh8 27. Rf8#) 25. Qxe3 Nxe3 26. Bb3 Nxf1+ 27. Kxf1 Bd4 $15) 24... Nxe3+
25. Ke2 Nxc4 26. Qxc4 Qe3+ 27. Kd1 (27. Kf1 Qf2#) 27... Qg1+ 28. Kc2 Qxa1 $19)
23... Qxf2+ 24. Kh1 Qg1#) 20... Nxf6 21. Be3 (21. h3 $5) 21... Ng4 $1 $15 {
Nach dieser starken Neuerung übernimmt Schwarz das Kommando und steht besser.}
(21... Rxb2 22. Bxa7 Qxa7 23. Bc4 Rb4 24. g3 Qc5 25. Bb3 {0-1 Kaminski,
M-Miladinovic,I/Moscow olm 1994/EXP 44/[Ftacnik] (43)} (25. Bd3 Ra4 {[%csl Ra2]
})) 22. g3 $8 Nxe3 23. fxe3 Qe5 {[%csl Ga7,Rb2,Re3,Ge5,Rg1][%cal Ga7g1]} 24.
Rfe1 $2 (24. Rxf8+ Kxf8 25. Rf1+ Ke7 26. b3 Bxe3+ 27. Kg2 $15) 24... Re4 {
[%csl Ga7,Re3,Ge4,Ge5,Gf8] Alle vier schwarzen Figuren stehen aktiv, während
Weiß zum Abwarten verurteilt ist.} 25. Rf1 (25. Kg2 Rxe3 26. Qd2 Qe4+ {[%csl
Rg2]} 27. Kh3 Rf6 $19 {[%cal Rf6h6,Rh6h3]}) 25... Rxe3 $17 26. Rxf8+ Kxf8 27.
Qf2+ Ke7 {[%cal Ra7g1]} 28. Kg2 $2 (28. Kh1 Qxb2 $17) 28... Qd5+ 29. Kh3 (29.
Kg1 Rxg3+ $19) 29... Re5 $19 {Und Weiß gab auf, weil er nichts gegen die
vielfältigen Drohungen unternehmen kann.Ribli.} (29... Re5 30. Qf4 Rh5+ 31. Kg4
Rxh2 32. Qb4+ c5 $19 {[%csl Rg4]}) 0-1